Equipe de France de handball - Statistiques

Statistiques générales
  • Ce quiz a été pris 1 428 fois
  • Le résultat moyen est 9 sur 20
Statistiques - réponses
Poste Joueur % Correct
ARR. Karabatic
92%
GAR. Gérard
85%
PIV. Fabregas
70%
ARR. Mem
68%
D-C. Mahé
64%
AIL. Porte
63%
GAR. Desbonnet
61%
PIV. Tournat
58%
AIL. Descat
53%
AIL. Lenne
53%
AIL. Nahi
45%
ARR. Richardson
43%
D-C. Minne
34%
GAR. Pardin
32%
ARR. Briet
31%
AIL. Kounkoud
27%
ARR. Lagarde
22%
ARR. Konan
21%
PIV. Monar
17%
ARR. Bos
6%
Aucun quiz correspondant
Distribution des résultats
% des personnes avec chaque résultat
Percentile par nombre de réponses
Votre historique - résultats
Vous n’avez pas pris ce quiz